| 000 | 00532nam a2200217Ia 4500 | ||
|---|---|---|---|
| 003 | OSt | ||
| 005 | 20250704161751.0 | ||
| 008 | 210210b1979 xxu||||| |||| 00| 0 eng d | ||
| 020 | _a0201057689 | ||
| 040 | _cAL | ||
| 041 | _aeng | ||
| 082 | _a540 PILC | ||
| 100 |
_aFrank L Pilar _9210815 |
||
| 245 |
_aChemistry _b: the universal science |
||
| 260 |
_aLondon _bAddison-Wesley _c1979 |
||
| 300 | _axiv,769p. | ||
| 650 |
_aChemistry Universal _9210816 |
||
| 690 |
_aChemistry _9210817 |
||
| 906 | _aCC00281 | ||
| 942 |
_2ddc _cCC |
||
| 999 |
_c109015 _d109015 |
||